Capacidad de recuperación empresarial / (Registro nro. 5964)

Detalles MARC
000 -LEADER
fixed length control field 01124nam a2200301Ia 4500
003 - CONTROL NUMBER IDENTIFIER
control field OSt
005 - DATE AND TIME OF LATEST TRANSACTION
control field 20200911154220.0
008 - FIXED-LENGTH DATA ELEMENTS--GENERAL INFORMATION
fixed length control field 191128s2000 ck ad fr 000 0dspa d
020 ## - INTERNATIONAL STANDARD BOOK NUMBER
International Standard Book Number 9789586486552
040 ## - CATALOGING SOURCE
Original cataloging agency CO-JMCR
Transcribing agency CO-JMCR
041 0# - LANGUAGE CODE
Language code of text/sound track or separate title spa
082 04 - DEWEY DECIMAL CLASSIFICATION NUMBER
Classification number 364.162 /
Item number B373c
Edition number 23
100 1# - MAIN ENTRY--PERSONAL NAME
Personal name Bishop, Toby,
Relator term autor
9 (RLIN) 10201
245 10 - TITLE STATEMENT
Title Capacidad de recuperación empresarial /
Statement of responsibility, etc. Toby Bishop, Frank Hydoshy ; traductor Samuel A. Mantilla
260 ## - PUBLICATION, DISTRIBUTION, ETC.
Place of publication, distribution, etc. Bogotá :
Name of publisher, distributor, etc. Ecoe,
Date of publication, distribution, etc. 2010
300 ## - PHYSICAL DESCRIPTION
Extent 203 páginas :
Other physical details ilustraciones y gráficos a blanco y negro ;
Dimensions 24 cm.
490 0# - SERIES STATEMENT
Series statement Ciencias administrativas
500 ## - GENERAL NOTE
General note Incluye datos biográficos de los autores.
504 ## - BIBLIOGRAPHY, ETC. NOTE
Bibliography, etc. note Bibliografía: páginas 183-186
505 0# - FORMATTED CONTENTS NOTE
Formatted contents note El fraude y la corrupción -- El crecimiento riesgo de fraude y corrupción -- Los costos del fraude y la corrupción
650 14 - SUBJECT ADDED ENTRY--TOPICAL TERM
Topical term or geographic name entry element Fraude
9 (RLIN) 10202
650 14 - SUBJECT ADDED ENTRY--TOPICAL TERM
Topical term or geographic name entry element Estafa
9 (RLIN) 8203
650 14 - SUBJECT ADDED ENTRY--TOPICAL TERM
Topical term or geographic name entry element Corrupción administrativa
9 (RLIN) 8354
650 14 - SUBJECT ADDED ENTRY--TOPICAL TERM
Topical term or geographic name entry element Liderazgo empresarial
9 (RLIN) 222
700 1# - ADDED ENTRY--PERSONAL NAME
Personal name Hydoski, Frank,
Relator term autor
9 (RLIN) 10203
700 1# - ADDED ENTRY--PERSONAL NAME
Personal name Mantilla, Samuel A.
Relator term traductor
9 (RLIN) 10204
942 ## - ADDED ENTRY ELEMENTS (KOHA)
Source of classification or shelving scheme Dewey Decimal Classification
Koha item type Books
Existencias
Withdrawn status Lost status Source of classification or shelving scheme Damaged status Not for loan Collection code Home library Current library Date acquired Source of acquisition Full call number Barcode Date last seen Copy number Koha item type
    Dewey Decimal Classification     Non-fiction Biblioteca Pública José María del Castillo y Rada Biblioteca Pública José María del Castillo y Rada 04/15/2018 Donación 364.162 / B373c 430011291 05/16/2024 Ej.1 Books